Men, motives, and markets

Spremljeno u:
Bibliografski detalji
Glavni autori: Alderson, Wroe (Autor), Halbert, Michael H (Autor)
Format: Knjiga
Jezik:engleski
Izdano: Englewood Cliffs Prentice-Hall 1968
Serija:Prentice-Hall Foundations of Marketing Series
Teme:
Oznake: Dodaj oznaku
Bez oznaka, Budi prvi tko označuje ovaj zapis!

MARC

LEADER 00000nam a2200000 a 4500
001 UCQ1824
003 CL-VaPUC
008 980721e19680000us |||||||||||||||||eng|d
082 0 4 |a 658.834  |b ALD  |2 21 
100 0 |a Alderson, Wroe  |e author  |9 415692 
700 0 |a Halbert, Michael H  |e author  |9 415693 
245 1 0 |a Men, motives, and markets 
300 |a 118 p 
942 |c BK 
945 |d 19980721 00:00:00  |a cmena 
260 |a Englewood Cliffs  |b Prentice-Hall  |c 1968 
650 0 |a Marketing  |9 259324 
650 7 |a PRODUCTOS  |2 CL-VaPUC  |9 338640 
650 0 |a Consumidores  |9 315658 
650 0 |a Investigación de mercado  |9 332310 
650 0 |a Publicidad  |9 314572 
650 0 |a Planificación estratégica   |9 259735 
650 0 |a Motivación   |9 315362 
650 0 |a Psicología aplicada   |9 270762 
583 |a last modification  |c 20150428 04:09:13  |k Rodrigo Vera 
490 0 |a Prentice-Hall Foundations of Marketing Series 
999 |c 272668  |d 272666 
952 |0 0  |1 0  |4 0  |6 658_834000000000000_ALD_1968  |7 0  |8 A  |9 307787  |a BIBGIM  |b BIBGIM  |d 2019-11-20  |i 1441469  |o 658.834 ALD 1968  |p 1441469  |r 2025-01-15  |w 2019-11-20  |y BK  |k COM